Gaming Quiz

Random Gaming Quiz

Fire Emblem: Awakening Confessions (Audio Quiz) Stats

 Plays Quiz not verified by Sporcle

Score 0/47 Timer 15:00
0 Plays Today
Time Character % Correct
0:03 - 0:11Chrom
99%
0:24 - 0:31Gaius
94.3%
1:03 - 1:11Gregor
92.8%
1:25 - 1:32Ricken
92.8%
1:46 - 1:51Donnel
91.8%
2:02 - 2:08Henry
91.2%
3:18 - 3:25Tharja
90.2%
0:51 - 1:00Severa
89.2%
2:11 - 2:17Lucina
89.2%
3:39 - 3:46Flavia
89.2%
1:54 - 1:59Panne
88.7%
2:30 - 2:36Yarne
88.1%
4:52 - 5:00Nowi
88.1%
2:39 - 2:46Sully
87.6%
0:42 - 0:48Basilio
86.6%
1:35 - 1:43Tiki
86.6%
0:14 - 0:21Sumia
85.6%
2:49 - 2:55Inigo
85.6%
2:58 - 3:05Miriel
85.6%
4:13 - 4:24Virion
84%
5:03 - 5:11Vaike
83.5%
5:47 - 5:53Frederick
82.5%
3:28 - 3:36Lon'qu
82%
3:08 - 3:15Owain
81.4%
Time Character % Correct
3:49 - 3:59Walhart
81.4%
7:53 - 7:59Anna
80.9%
1:14 - 1:22Maribelle
79.9%
4:41 - 4:49Laurent
79.4%
4:02 - 4:10Lissa
78.9%
5:26 - 5:35Kellam
78.9%
6:15 - 6:23Aversa
78.9%
5:56 - 6:02Cynthia
77.3%
7:43 - 7:50Gangrel
76.8%
0:34 - 0:39Olivia
76.3%
2:20 - 2:27Libra
76.3%
6:42 - 6:48Stahl
75.8%
5:14 - 5:23Say'ri
75.3%
4:27 - 4:38Emmeryn
74.2%
5:38 - 5:44Kjelle
71.6%
6:05 - 6:12Yen'fay
71.6%
6:51 - 7:01Cordelia
68.6%
6:25 - 6:32Brady
66.5%
6:35 - 6:39Nah
66.5%
7:04 - 7:11Priam
64.9%
7:34 - 7:40Noire
64.9%
7:25 - 7:32Gerome
62.9%
7:14 - 7:22Cherche
56.2%

You're not logged in!

Compare scores with friends on all Sporcle quizzes.
Join for Free
OR
Log In

You Might Also Like...

Show Comments

Extras

Top Quizzes Today


Score Distribution

Your Account Isn't Verified!

In order to create a playlist on Sporcle, you need to verify the email address you used during registration. Go to your Sporcle Settings to finish the process.

Report this User

Report this user for behavior that violates our Community Guidelines.

Details: